000 00734nam a2200217Ii 4500
003 JO-AjNU
008 230605s9999||||xx |||||||||||||| ||und||
040 _aJO-AjNU
_bara
_erda
_cJO-AjNU
041 _aara
050 1 4 _aAG196.A7.B312.1995
100 3 _aبرهوم، محمود ،ناصر، نقولا ؛ خروب، محمد ترجمة,
_eauthor
_938012
245 0 0 _aبنك المعلومات 3
250 _aط2
264 3 1 _aعمان:دار الفكر للطباعة والنشر والتوزيع،1995
300 _a99ص
336 _atext
_btxt
_2rdacontent
337 _aunmediated
_bn
_2rdamedia
338 _avolume
_bnc
_2rdacarrier
490 0 _aالسلسلة العلمية
650 4 _aمعارف عامة
_938013
999 _aA15934
_c19502
_d19502